Polyvalenz und Multifunktionalität der Emblematik : Akten des 5. Internationalen Kongresses der Society for Emblem Studies = Multivalence and multifunctionality of the emblem : proceedings of the 5th international conference of the Society for Emblem Studies

Saved in:
Bibliographic Details
Corporate Authors: Polyvalenz und Multifunktionalität der Emblematik München (Author)
Society for Emblem Studies (VeranstalterIn)
Other Authors: Harms, Wolfgang (Editor, HerausgeberIn)
Peil, Dietmar (Editor, HerausgeberIn)
Waltenberger, Michael (Contributor, MitwirkendeR)
Document Type: Conference Proceeding Book
Language:German
English
French
Spanish
Published: Frankfurt am Main ; Berlin ; Bern ; Bruxelles ; New York ; Oxford ; Wien : Peter Lang , [2002]
Series:Mikrokosmos 65
Subjects:
Online Access:Rezension
Rezension
Related Items:Rezensiert in: [Rezension von: Wolfgang Harms / Dietmar Peil (Hrsg.), Polyvalenz und Multifunktionalität in der Emblematik]
Author Notes:Wolfgang Harms/Dietmar Peil (Hrsg.) ; unter Mitarbeit von Michael Waltenberger
LEADER 04297cam a2200649 ca4500
001 1166241602
003 DE-627
005 20260418134520.0
007 tu
008 020110m20022002xx ||||| 00| ||ger c
016 7 |a 963330845  |2 DE-101 
020 |a 3631361378  |9 3-631-36137-8 
035 |a (DE-627)1166241602 
035 |a (DE-576)096241608 
035 |a (DE-599)DNB963330845 
035 |a (OCoLC)76349170 
040 |a DE-627  |b ger  |c DE-627  |e rda 
041 |a ger  |a eng  |a fre  |a spa 
082 0 |a 700.415 
084 |a 52  |a 53  |2 sdnb 
084 |a LH 81400  |2 rvk  |0 (DE-625)rvk/95157: 
084 |a EC 7320  |2 rvk  |0 (DE-625)rvk/20791: 
084 |a NN 4430  |2 rvk  |0 (DE-625)rvk/126925: 
084 |a 02.99  |2 bkl 
084 |a 20.20  |2 bkl 
084 |a 18.00  |2 bkl 
084 |a 17.84  |2 bkl 
111 2 |a Polyvalenz und Multifunktionalität der Emblematik  |g Veranstaltung  |d 1999  |c München  |j VerfasserIn  |0 (DE-588)1228484007  |0 (DE-627)1750369761  |4 aut 
245 1 0 |a Polyvalenz und Multifunktionalität der Emblematik  |b Akten des 5. Internationalen Kongresses der Society for Emblem Studies = Multivalence and multifunctionality of the emblem : proceedings of the 5th international conference of the Society for Emblem Studies  |c Wolfgang Harms/Dietmar Peil (Hrsg.) ; unter Mitarbeit von Michael Waltenberger 
246 3 1 |a Multivalence and multifunctionality of the emblem  |b proceedings of the 5th international conference of the Society for Emblem Studies 
264 1 |a Frankfurt am Main  |a Berlin  |a Bern  |a Bruxelles  |a New York  |a Oxford  |a Wien  |b Peter Lang  |c [2002] 
336 |a Text  |b txt  |2 rdacontent 
337 |a ohne Hilfsmittel zu benutzen  |b n  |2 rdamedia 
338 |a Band  |b nc  |2 rdacarrier 
490 0 |a Mikrokosmos  |v 65 
546 |a Beiträge teilweise deutsch, teilweise englisch, teilweise französisch, teilweise spanisch 
655 7 |a Konferenzschrift  |y 1999  |z München  |0 (DE-588)1071861417  |0 (DE-627)826484824  |0 (DE-576)433375485  |2 gnd-content 
689 0 0 |d s  |0 (DE-588)4014553-0  |0 (DE-627)104501839  |0 (DE-576)208908366  |a Emblem  |2 gnd 
689 0 |5 (DE-627) 
700 1 |a Harms, Wolfgang  |d 1936-2021  |e HerausgeberIn  |0 (DE-588)120372177  |0 (DE-627)080633706  |0 (DE-576)257423788  |4 edt 
700 1 |a Peil, Dietmar  |d 1943-2022  |e HerausgeberIn  |0 (DE-588)1047134209  |0 (DE-627)77763578X  |0 (DE-576)400458071  |4 edt 
700 1 |a Waltenberger, Michael  |d 1967-  |e MitwirkendeR  |0 (DE-588)121065065  |0 (DE-627)081064071  |0 (DE-576)29252434X  |4 ctb 
710 2 |a Society for Emblem Studies  |e VeranstalterIn  |0 (DE-588)5282537-1  |0 (DE-627)244017042  |0 (DE-576)196965268  |4 orm 
787 0 8 |i Rezensiert in  |a Imorde, Joseph, 1963 -   |t [Rezension von: Wolfgang Harms / Dietmar Peil (Hrsg.), Polyvalenz und Multifunktionalität in der Emblematik]  |d 2004  |w (DE-627)1919826386 
856 4 2 |u https://swbplus.bsz-bw.de/bsz096241608rez.htm  |m V:DE-576  |v 2005-05-24  |3 Rezension  |7 1 
856 4 2 |u http://www.sehepunkte.de/2004/02/1450.html  |m V:DE-576;X:Sehepunkte  |q text/html  |v 20180424122846  |3 Rezension  |7 1 
936 r v |a LH 81400  |b Allgemeine Literatur zur Emblematik  |k Kunstgeschichte  |k Allgemeines. Allgemeine Kunstgeschichte  |k Kunstgeschichte einzelner Gattungen der Kunst  |k Ikonographie, Ikonologie  |k Emblemata  |k Allgemeine Literatur zur Emblematik  |0 (DE-627)1271119609  |0 (DE-625)rvk/95157:  |0 (DE-576)201119609 
936 r v |a EC 7320  |b Emblem  |k Allgemeine und vergleichende Sprach- und Literaturwissenschaft. Indogermanistik. Außereuropäische Sprachen und Literaturen  |k Allgemeine und vergleichende Literaturwissenschaft.  |k Literaturgeschichte  |k Geschichte der Literaturgattungen (literarischen Gattungen)  |k Epik  |k Prosa  |k Einfache Formen (Kleinformen)  |k Emblem  |0 (DE-627)1270777882  |0 (DE-625)rvk/20791:  |0 (DE-576)200777882 
936 r v |a NN 4430  |b Geistes- und Kulturgeschichte  |k Geschichte  |k Neuere Geschichte  |k Zeitalter des Absolutismus (1648 - 1789)  |k Allgemeines  |k Geistes- und Kulturgeschichte  |0 (DE-627)1271466597  |0 (DE-625)rvk/126925:  |0 (DE-576)201466597 
936 b k |a 02.99  |j Wissenschaft und Kultur allgemein: Sonstiges  |0 (DE-627)106403249 
936 b k |a 20.20  |j Ikonographie  |0 (DE-627)106402692 
936 b k |a 18.00  |j Einzelne Sprachen und Literaturen allgemein  |0 (DE-627)106405403 
936 b k |a 17.84  |j Sonstige literarische Gattungen  |0 (DE-627)181571692 
951 |a MC 
990 |a Emblem 
991 |a Rezensiertes Werk 
999 |a KXP-PPN1166241602  |e 4986074881